000 00415pab a2200157 454500
008 180718b2000 xxu||||| |||| 00| 0 eng d
100 _aRay, Rajat Kanta
245 _aWhen industrialisation missed the bus: past and present
260 _c2000
300 _ap.11
362 _a26 Sept
650 _aIndustrial development - India
650 _aIndustrialization
773 _aBusiness Standard
909 _a47170
999 _c47170
_d47170